00771nac a22001937a 4500001001000000003000900010005001700019008003400036040005400070072000800124110008600132245009200218260003600310300001000346490009200356500009600448650002200544650001100566BR7503068BR-BrBNA20240105113847.0230509b bl.|||m| |||| 00| 0 por d aBR-BrBNAbporcBiblioteca Nacional de Agricultura aA001 aFederacao dos Trabalhadores na Agricultura do Estado do Parana, Curitiba (Brasil)1 aRelatorio 1975 [Federacao dos Trabalhadores na Agricultura do Estado do Parana, Brasil]3 aCuritiba, PR (Brasil): c1975.  a62 p. aRelatorio - Federacao dos Trabalhadores na Agricultura do Estado do Parana (Brazil)vx a30 tables. (*) Documento disponível na(o) Biblioteca Publica do Parana, Curitiba (Brazil) aTRABALHADOR RURAL aPARANA